000 00440nam a2200181Ia 4500
005 20240913125114.0
008 240913s9999||||xx |||||||||||||| ||und||
041 _aENGLISH
082 _A620.106 N7
100 _aDouglas J F
245 0 _aSolving Problems in Fluid Mechanics Vol 1
250 _a3rd
260 _c1997
_bELBS,London
500 _aREFERENCE
650 _aFluid Mechanics
_bMechanical
942 _cREF
999 _c244779
_d244779